| 000 | 00343nam a22001217a 4500 | ||
|---|---|---|---|
| 008 | 230704b xxu||||| |||| 00| 0 eng d | ||
| 082 |
_a364.1 _bNAC |
||
| 110 | _bNACP Secretariat | ||
| 245 |
_aNational Anti-corruption Plan _bKenyans Arise! Fight Corruption Now |
||
| 260 |
_aNairobi, kenya _bNACP Secretariat |
||
| 300 | _a116p | ||
| 942 |
_2ddc _cBK |
||
| 999 |
_c3879 _d3879 |
||